[Event "chess.com IoM Masters"]
[Site "Douglas ENG"]
[Date "2017.09.24"]
[Round "2.31"]
[White "Salomon, Johan"]
[Black "Almasi, Zoltan"]
[Result "0-1"]
[WhiteTitle "GM"]
[BlackTitle "GM"]
[WhiteElo "2476"]
[BlackElo "2707"]
[WhiteFideId "1509500"]
[BlackFideId "702293"]
[EventDate "2017.09.23"]

1. d4 Nf6 2. c4 e6 3. Nf3 Bb4+ 4. Bd2 Qe7 5. g3 Bxd2+ 6. Qxd2 Nc6 7. Nc3 d5 8.
Ne5 dxc4 9. Nxc6 bxc6 10. Bg2 O-O 11. O-O Rb8 12. Qc2 e5 13. Rfd1 g6 14. Rac1
Bf5 15. Qa4 Rxb2 16. Qxc6 Bc2 17. Na4 Rxa2 18. Qxc4 Rxa4 19. Qxc2 Rxd4 20. Rxd4
exd4 21. Bf3 Rc8 22. Qc6 Ne8 23. Qa6 Rd8 24. Qxa7 h5 25. Qa6 Kg7 26. h4 Rd6 27.
Qc4 Qe6 28. Qd3 Qe5 29. Rc4 Rd8 30. Qc2 Qf6 31. Kg2 Qe5 32. Rc5 Qe7 33. Rc4 Qf6
34. Rc5 Qe6 35. Rc6 Rd6 36. Rc5 Qe7 37. Rc4 Kg8 38. Qd3 Qd8 39. Rc5 Ng7 40. Ra5
Qe7 41. Ra8+ Rd8 42. Ra5 Ne6 43. Bd5 Kg7 44. Qe4 Rd6 45. Bc4 Qf6 46. Ra8 Rd8 47.
Ra5 Re8 48. Qd3 Re7 49. Rb5 Nf8 50. Rd5 Rd7 51. Ra5 Rd8 52. Qe4 Nd7 53. Ra7 Nc5
54. Qf3 Rd7 55. Ra5 Qd6 56. Kg1 Re7 57. Ra8 Nd7 58. Qb7 Nb6 59. Ra6 Qe5 60. Bd3
Nd7 61. Ra8 Nf6 62. Qc6 Re6 63. Qb7 Re7 64. Qc6 Ng4 65. Rc8 Qa5 66. Qc1 Ne5 67.
Be4 Ng4 68. Bd3 Qb6 69. Qf4 Ne5 70. Qg5 Qe6 71. Rd8 Rd7 72. Rb8 c5 73. Bb5 Rd5
74. Re8 Qd6 75. Qc1 Ng4 76. Qf4 Ne5 77. Rc8 Qe6 78. Re8 Qd6 79. Rc8 Qb6 80. Qe4
Qe6 81. Re8 Qd6 82. f4 Ng4 83. Bc4 Nf6 84. Qf3 Nxe8 85. Bxd5 Qe7 86. Kf2 Nf6 87.
Bb3 Ng4+ 88. Ke1 c4 89. Ba2 Qb4+ 0-1

[Event "chess.com IoM Masters"]
[Site "Douglas ENG"]
[Date "2017.09.24"]
[Round "2.34"]
[White "Rodshtein, Maxim"]
[Black "Basso, Pier Luigi"]
[Result "1-0"]
[WhiteTitle "GM"]
[BlackTitle "IM"]
[WhiteElo "2695"]
[BlackElo "2460"]
[WhiteFideId "2806851"]
[BlackFideId "866970"]
[EventDate "2017.09.23"]

1. d4 d5 2. c4 e6 3. Nf3 Nf6 4. g3 Be7 5. Bg2 O-O 6. O-O dxc4 7. Qc2 a6 8. a4 c5
9. dxc5 Bxc5 10. Nbd2 b5 11. Ng5 Ra7 12. Nde4 Nxe4 13. Nxe4 Bd4 14. Ng5 g6 15.
Qe4 h6 16. Nf3 Bg7 17. axb5 Bb7 18. Qc2 Ra8 19. Rd1 Qc8 20. bxa6 Rxa6 21. Bd2 e5
22. Bc3 Re8 23. e3 Bc6 24. Nd2 Bxg2 25. Kxg2 Nd7 26. Kg1 Nb6 27. Ra5 Qb7 28. Ne4
Qa8 29. Rda1 Rxa5 30. Rxa5 Qd8 31. Rb5 Nd5 32. Ba5 Qd7 33. Qxc4 Ne7 34. Bc3 Qd1+
35. Kg2 Nf5 36. Rd5 Qc1 37. Qa4 1-0

[Event "chess.com IoM Masters"]
[Site "Douglas ENG"]
[Date "2017.09.24"]
[Round "2.36"]
[White "Kiewra, Keaton F"]
[Black "Movsesian, Sergei"]
[Result "0-1"]
[WhiteTitle "IM"]
[BlackTitle "GM"]
[WhiteElo "2433"]
[BlackElo "2671"]
[WhiteFideId "2019280"]
[BlackFideId "310204"]
[EventDate "2017.09.23"]

1. e4 c5 2. Nf3 e6 3. d4 cxd4 4. Nxd4 Nc6 5. Nc3 d6 6. Be3 a6 7. Be2 Bd7 8. a4
Nf6 9. O-O Be7 10. Kh1 O-O 11. f4 Qc7 12. Qe1 Nb4 13. Qg3 Rfc8 14. e5 Nfd5 15.
Nxd5 Nxd5 16. Bg1 Be8 17. c3 dxe5 18. fxe5 Nb6 19. Bg4 Nd7 20. Be3 Nf8 21. h4
Ng6 22. h5 Qxe5 23. Qh3 Nf8 24. Rae1 Qd5 25. Bd1 h6 26. Bb3 Qd7 27. Bxh6 gxh6
28. Nxe6 Bg5 29. Nxg5 hxg5 30. Qf3 Nh7 31. Re5 Rc7 32. Qe4 Qc6 33. Bd5 Qxa4 34.
c4 Rd8 35. Re1 Kg7 36. Rxe8 Qxe8 37. Qxe8 Rxe8 38. Rxe8 Nf6 39. Re5 Kh6 40. Rf5
Nxd5 41. cxd5 Kxh5 42. d6 Rd7 43. Rf6 g4 0-1

[Event "chess.com IoM Masters"]
[Site "Douglas ENG"]
[Date "2017.09.24"]
[Round "2.37"]
[White "Raja, Harshit"]
[Black "Adhiban, Baskaran"]
[Result "1/2-1/2"]
[BlackTitle "GM"]
[WhiteElo "2423"]
[BlackElo "2670"]
[WhiteFideId "5089000"]
[BlackFideId "5018471"]
[EventDate "2017.09.23"]

1. e4 c5 2. Nf3 d6 3. d4 cxd4 4. Nxd4 Nf6 5. Nc3 a6 6. Bg5 Nbd7 7. Qe2 e6 8. g3
Be7 9. Bg2 h6 10. Be3 Qc7 11. f4 Nb6 12. O-O Nc4 13. e5 Ng4 14. Qxg4 Nxe3 15.
Qxg7 Rf8 16. Rfe1 dxe5 17. fxe5 Nxg2 18. Kxg2 b5 19. Ne4 Bb7 20. Rad1 O-O-O 21.
Kh3 Kb8 22. Nd6 Rg8 23. Qh7 Bxd6 24. exd6 Qxd6 25. Qxf7 Qc5 26. Re4 Rg7 27. Qf3
Bxe4 28. Qxe4 Qh5+ 29. Kg2 Qxd1 30. Nc6+ Kc8 31. Nxd8 Qd5 32. Qxd5 exd5 33. Nc6
Kd7 34. Nb8+ Kd6 35. Nxa6 Rg4 36. a3 Rd4 37. Nb4 Rd2+ 38. Kh3 Ke5 39. g4 Kf4 40.
Nd3+ Ke4 41. Nb4 Kf3 42. Nd3 d4 43. Nb4 Re2 44. Nc6 d3 45. cxd3 Rxb2 46. Na7 Kf4
47. d4 Ke4 48. Kg3 Kxd4 49. h4 Kc5 50. g5 hxg5 51. hxg5 b4 52. axb4+ Rxb4 53.
Nc8 Re4 54. g6 Re6 55. Kf4 Rxg6 56. Ne7 Re6 57. Nf5 Kd5 58. Ne3+ Kc5 59. Nf5 Re2
60. Kf3 Re8 61. Kf4 Kd5 62. Ne3+ Kd4 63. Nf5+ Kd3 64. Ng3 Re1 65. Kf3 Kd4 66.
Kf4 Kd5 67. Kf3 Ke5 68. Ne2 Ra1 69. Ke3 Ra3+ 70. Kd2 Kd5 71. Kc2 Rf3 72. Kd2 Kc4
73. Ng1 Ra3 74. Ne2 Rd3+ 75. Ke1 Rd8 76. Kf2 Kd3 77. Ng3 Rf8+ 78. Kg2 Rf7 79.
Nf1 Ke2 80. Ng3+ Kd2 81. Nf1+ Kd3 82. Ng3 Rf4 83. Nh5 Rf7 84. Ng3 Ke3 85. Nf1+
Ke4 86. Nd2+ Kd3 87. Nf1 Rf4 88. Ng3 Ke3 89. Nf1+ Ke2 90. Ng3+ Ke1 91. Nh5 Rh4
92. Ng3 Rf4 93. Nh5 Rf2+ 94. Kg3 Rf8 95. Kg2 Ke2 96. Ng3+ Ke3 97. Nf1+ Kf4 98.
Kf2 Ke4+ 99. Ke2 Kd4 100. Ng3 Rf4 101. Nh5 Rh4 102. Ng3 Ke5 103. Kf3 Ra4 104.
Ne2 Ra3+ 105. Kf2 Kf5 106. Ng3+ Ke5 1/2-1/2

[Event "chess.com IoM Masters"]
[Site "Douglas ENG"]
[Date "2017.09.24"]
[Round "2.39"]
[White "Arjun, Kalyan"]
[Black "Jones, Gawain C B"]
[Result "0-1"]
[BlackTitle "GM"]
[WhiteElo "2406"]
[BlackElo "2668"]
[WhiteFideId "35018701"]
[BlackFideId "409561"]
[EventDate "2017.09.23"]

1. e4 c5 2. Nf3 Nc6 3. d4 cxd4 4. Nxd4 g6 5. c4 Bg7 6. Be3 d6 7. Nc3 Qb6 8. Nb3
Bxc3+ 9. bxc3 Qc7 10. c5 dxc5 11. Nxc5 Nf6 12. f3 O-O 13. Be2 Ne5 14. O-O b6 15.
Nb3 Be6 16. Qc2 Bc4 17. Rfd1 Rfd8 18. Bd4 Rac8 19. a4 Bxe2 20. Qxe2 Qc4 21. Qxc4
Nxc4 22. Bxf6 Rxd1+ 23. Rxd1 exf6 24. Rd7 Nb2 25. Rxa7 Rxc3 26. Nd2 Rd3 27. Nf1
Ra3 28. Ra6 Nxa4 29. Ne3 Rxe3 30. Rxa4 Rb3 31. Ra7 g5 32. Rb7 h5 33. h3 Kg7 34.
Kf2 Rb2+ 35. Kf1 Rb1+ 36. Kf2 h4 37. Rb8 f5 38. exf5 Kf6 39. Rb7 Rb2+ 40. Kg1 b5
41. Kf1 Rb1+ 42. Kf2 b4 43. Rb5 b3 44. Ke2 Rb2+ 45. Kf1 Ke7 46. Kg1 Kd6 47. f6
Ke6 48. Rb6+ Ke5 49. Kh1 Rb1+ 50. Kh2 Kf5 51. Rb4 Kxf6 52. f4 Rb2 53. fxg5+ Kxg5
54. Rg4+ Kh5 55. Rb4 f5 56. Kg1 Kg5 57. Kf1 Kf6 58. Ke1 Ke5 59. Kd1 f4 60. Kc1
Rc2+ 61. Kd1 Rb2 62. Kc1 Rxg2 63. Rxb3 Rg3 64. Rb5+ Ke4 65. Kd2 Kf3 0-1

[Event "chess.com IoM Masters"]
[Site "Douglas ENG"]
[Date "2017.09.24"]
[Round "2.40"]
[White "Riazantsev, Alexander"]
[Black "Sundararajan, Kidambi"]
[Result "1/2-1/2"]
[WhiteTitle "GM"]
[BlackTitle "GM"]
[WhiteElo "2666"]
[BlackElo "2426"]
[WhiteFideId "4125029"]
[BlackFideId "5005370"]
[EventDate "2017.09.23"]

1. d4 f5 2. g3 Nf6 3. Bg2 g6 4. c3 Bg7 5. Nd2 O-O 6. h4 Nc6 7. Qb3+ d5 8. Ndf3
Ne4 9. h5 e5 10. hxg6 hxg6 11. Nxe5 Nxe5 12. dxe5 c6 13. Nf3 g5 14. Be3 Qe7 15.
O-O-O a5 16. a4 Bd7 17. c4 dxc4 18. Qxb7 Rab8 19. Qxd7 Qb4 20. Bd4 c3 21. Qe6+
Rf7 22. Qa2 cxb2+ 23. Kb1 c5 24. Nxg5 Nxg5 25. Bd5 cxd4 26. Bxf7+ Nxf7 27. f4
Qb7 28. Qc4 Rc8 29. Qb5 Qe4+ 30. Qd3 Qb7 31. Qb5 Qe4+ 32. Qd3 Qb7 33. Qb5 Qe4+ 1/2-1/2

[Event "chess.com IoM Masters"]
[Site "Douglas ENG"]
[Date "2017.09.24"]
[Round "2.41"]
[White "Harsha, Bharathakoti"]
[Black "Akobian, Varuzhan"]
[Result "1-0"]
[WhiteTitle "IM"]
[BlackTitle "GM"]
[WhiteElo "2394"]
[BlackElo "2662"]
[WhiteFideId "5078776"]
[BlackFideId "13300580"]
[EventDate "2017.09.23"]

1. c4 e5 2. Nc3 Nc6 3. e3 Nf6 4. Nf3 Bb4 5. Qc2 d6 6. Nd5 Bc5 7. a3 a5 8. Be2
Be6 9. Nc3 h6 10. O-O Qd7 11. d3 O-O 12. Bd2 Rfe8 13. Rfd1 Bf5 14. Nd5 Nxd5 15.
cxd5 Nb8 16. Bc3 Bb6 17. Nd2 a4 18. Nc4 Na6 19. e4 Bg6 20. Nxb6 cxb6 21. b4 Nc7
22. Rac1 Nb5 23. Bb2 f5 24. f3 Rac8 25. Qd2 Kh7 26. Qe3 Rxc1 27. Rxc1 Rc8 28.
Rxc8 Qxc8 29. Bd1 fxe4 30. dxe4 Qc4 31. Bxa4 Nd4 32. Bxd4 exd4 33. Bb3 Qa6 34.
Qxd4 Qxa3 35. Bd1 Qc1 36. Kf2 Qf4 37. g3 Qc1 38. f4 Qb1 39. e5 Bd3 40. Be2 Be4
41. exd6 Qh1 42. d7 Qxh2+ 43. Ke1 Qxg3+ 44. Kd1 Qb3+ 45. Kd2 Qc2+ 46. Ke3 Bf5
47. d8=Q Qc1+ 48. Kf2 1-0

[Event "chess.com IoM Masters"]
[Site "Douglas ENG"]
[Date "2017.09.24"]
[Round "2.42"]
[White "L'Ami, Erwin"]
[Black "Tarjan, James"]
[Result "1/2-1/2"]
[WhiteTitle "GM"]
[BlackTitle "GM"]
[WhiteElo "2611"]
[BlackElo "2412"]
[WhiteFideId "1007998"]
[BlackFideId "2000180"]
[EventDate "2017.09.23"]

1. d4 d5 2. c4 e6 3. Nc3 Be7 4. Nf3 Nf6 5. Bg5 h6 6. Bh4 O-O 7. e3 b6 8. Be2 Bb7
9. Bxf6 Bxf6 10. cxd5 exd5 11. b4 c5 12. bxc5 bxc5 13. Rb1 Bc6 14. O-O Nd7 15.
Bb5 Qc7 16. Qd3 Rfd8 17. Rfc1 Rab8 18. a4 Qd6 19. Qf5 g6 20. Qh3 Bg7 21. Qg3
Qxg3 22. hxg3 cxd4 23. Nxd4 Bxd4 24. exd4 Bxb5 25. Nxb5 Rb7 26. Nc7 Rxb1 27.
Rxb1 Rb8 28. Rxb8+ Nxb8 29. Nxd5 Nc6 30. f3 Nxd4 31. Kf2 Kf8 32. g4 Ke8 33. Ke3
Nb3 34. Kf4 Nc5 35. Nc3 f6 36. Ke3 Kd7 37. Kd4 Kc6 38. f4 Ne6+ 39. Ke4 Nc5+ 40.
Ke3 Kd6 41. g3 a6 42. Kd4 Nb3+ 43. Kc4 Na5+ 44. Kd3 f5 45. gxf5 gxf5 46. Nd1 Nc6
47. Ne3 Ne7 48. Kc4 h5 49. Kd4 Nc6+ 50. Kd3 Ne7 51. Kc4 Kc6 52. Nc2 Kb6 53. Nd4
Ka5 54. Kb3 Kb6 55. Kb4 Nd5+ 56. Kc4 Ne7 57. Nb3 Kc6 58. a5 Kc7 59. Kc5 Ng6 60.
Nd4 h4 61. gxh4 Nxh4 62. Ne6+ Kb7 63. Kd6 Ng6 64. Kd7 Ka7 65. Kc7 Ne7 66. Kd6
Ng6 67. Kd7 Kb7 68. Nc5+ Ka7 69. Nd3 Kb7 70. Kd6 Ka7 71. Kc7 Ne7 72. Nb4 Ng6 73.
Nd5 Nh4 74. Kd6 Kb7 75. Ne7 Ng2 76. Ke5 Kc7 77. Nxf5 Nxf4 78. Kxf4 Kc6 79. Nd4+
Kc5 80. Ke5 Kb4 81. Nc6+ Kc5 82. Nd4 Kb4 83. Nc6+ 1/2-1/2

[Event "chess.com IoM Masters"]
[Site "Douglas ENG"]
[Date "2017.09.24"]
[Round "2.43"]
[White "Svane, Rasmus"]
[Black "Rapport, Jovana"]
[Result "1-0"]
[WhiteTitle "GM"]
[BlackTitle "WGM"]
[WhiteElo "2595"]
[BlackElo "2327"]
[WhiteFideId "4657101"]
[BlackFideId "937266"]
[EventDate "2017.09.23"]

1. Nf3 d5 2. d4 Bf5 3. c4 e6 4. Nc3 Bb4 5. Bg5 Ne7 6. e3 f6 7. Bf4 g5 8. Bg3 h5
9. h4 g4 10. Nd2 Nbc6 11. a3 Bd6 12. Bxd6 Qxd6 13. g3 a6 14. Bg2 Bd3 15. cxd5
exd5 16. Nb3 Bc4 17. Nc5 Nf5 18. Nxb7 Qe7 19. Nxd5 Bxd5 20. Bxd5 1-0

[Event "chess.com IoM Masters"]
[Site "Douglas ENG"]
[Date "2017.09.24"]
[Round "2.45"]
[White "Fenil, Shah"]
[Black "Wagner, Dennis"]
[Result "1/2-1/2"]
[WhiteTitle "FM"]
[BlackTitle "GM"]
[WhiteElo "2362"]
[BlackElo "2564"]
[WhiteFideId "5019850"]
[BlackFideId "24650684"]
[EventDate "2017.09.23"]

1. d4 Nf6 2. Nf3 d5 3. g3 c5 4. Bg2 cxd4 5. O-O h6 6. Bf4 g5 7. Be5 Bg7 8. Nxd4
Nbd7 9. Bxf6 Nxf6 10. c4 O-O 11. cxd5 Nxd5 12. e3 e6 13. Qb3 a5 14. Nc3 Nxc3 15.
Qxc3 Qb6 16. Rac1 e5 17. Qb3 Qb4 18. Nb5 e4 19. Nc7 Ra7 20. Rc2 Qxb3 21. axb3 f5
22. Rd1 b6 23. Bf1 Be5 24. Nd5 Be6 25. Rc6 Kf7 26. Rxb6 Rb8 27. Rxb8 Bxb8 28.
Bc4 Be5 29. Rd2 Rd7 30. Kf1 1/2-1/2

[Event "chess.com IoM Masters"]
[Site "Douglas ENG"]
[Date "2017.09.24"]
[Round "2.48"]
[White "Vishnu Prasanna, V"]
[Black "Loew, Gerald"]
[Result "1-0"]
[WhiteTitle "GM"]
[BlackTitle "FM"]
[WhiteElo "2543"]
[BlackElo "2262"]
[WhiteFideId "5030692"]
[BlackFideId "4615875"]
[EventDate "2017.09.23"]

1. e4 d6 2. d4 Nf6 3. Nc3 e5 4. Nf3 Nbd7 5. Bc4 Be7 6. O-O c6 7. a4 a5 8. Qe2 h6
9. Ba2 Qc7 10. Rd1 Nf8 11. Qc4 Ne6 12. h3 O-O 13. Be3 Re8 14. Qb3 Ra6 15. d5
cxd5 16. Nb5 Qd8 17. exd5 Nc7 18. c4 Bf5 19. c5 Be4 20. Nc3 Bxf3 21. gxf3 Qc8
22. Kh2 dxc5 23. d6 Bxd6 24. Qxf7+ Kh7 25. Bb1+ e4+ 26. Rxd6 Rxd6 27. Nxe4 Nxe4
28. Bxe4+ Rxe4 29. fxe4 Rf6 30. Qh5 Ne6 31. Rg1 Qf8 32. e5 Nf4 33. Qf3 Rf7 34.
Qe4+ Kh8 35. e6 Nxe6 36. Qxe6 Rxf2+ 37. Bxf2 Qxf2+ 38. Rg2 Qf4+ 39. Kg1 Qc1+ 40.
Kf2 Qxb2+ 41. Kg3 Qa3+ 42. Kh2 Qxa4 43. Rf2 1-0

[Event "chess.com IoM Masters"]
[Site "Douglas ENG"]
[Date "2017.09.24"]
[Round "2.50"]
[White "Brown, Michael William"]
[Black "Maloberti, David"]
[Result "1-0"]
[WhiteTitle "IM"]
[WhiteElo "2499"]
[BlackElo "2132"]
[WhiteFideId "2037602"]
[BlackFideId "620149"]
[EventDate "2017.09.23"]

1. d4 Nf6 2. c4 g6 3. Nc3 Bg7 4. e4 d6 5. Nf3 O-O 6. Be2 e5 7. Be3 Nc6 8. d5 Ne7
9. Nd2 Ne8 10. c5 f5 11. f3 f4 12. Bf2 g5 13. Nc4 Ng6 14. b4 h5 15. a4 Rf7 16.
a5 Bf8 17. cxd6 Bxd6 18. Qb3 g4 19. Nb5 a6 20. Nbxd6 Nxd6 21. O-O-O Bd7 22. Rd2
Rg7 23. Qc3 Qg5 24. Bc5 Nb5 25. Qb2 Kh7 26. d6 cxd6 27. Nxd6 Nxd6 28. Rxd6 Bc6
29. Bc4 Nh4 30. Rf1 Re8 31. Kb1 gxf3 32. gxf3 Qg2 33. Rf2 Qh3 34. Qe2 Rd7 35.
Rxd7+ Qxd7 36. Rf1 Rd8 37. Rg1 Qd2 38. Bg8+ Kh8 39. Be7 1-0

[Event "chess.com IoM Masters"]
[Site "Douglas ENG"]
[Date "2017.09.24"]
[Round "2.51"]
[White "Nihal, Sarin"]
[Black "Thilakarathne, G M H"]
[Result "1-0"]
[WhiteTitle "IM"]
[BlackTitle "CM"]
[WhiteElo "2483"]
[BlackElo "2053"]
[WhiteFideId "25092340"]
[BlackFideId "9912053"]
[EventDate "2017.09.23"]

1. e4 c5 2. Nf3 d6 3. d4 cxd4 4. Nxd4 Nf6 5. Nc3 a6 6. h4 e5 7. Nb3 Be6 8. f4
exf4 9. Bxf4 Nc6 10. Qd2 Be7 11. O-O-O Ne5 12. Nd4 O-O 13. Nf5 Bxf5 14. exf5 b5
15. Be2 Re8 16. Kb1 Qc8 17. Bxe5 dxe5 18. Bf3 Ra7 19. g4 Bb4 20. Qf2 Bc5 21. Qg2
b4 22. Ne4 Nxe4 23. Bxe4 Rd8 24. Rdf1 Be3 25. f6 Bf4 26. g5 Rd2 27. Qf3 Rc7 28.
Ka1 Qd8 29. fxg7 Qd7 30. Rd1 Qd6 31. Rxd2 Bxd2 32. Rd1 Rd7 33. Bd3 Qd4 34. Qf5
Kxg7 35. Qxh7+ Kf8 36. Qh8+ Ke7 37. Qf6+ Ke8 38. g6 e4 39. Qxd4 Rxd4 40. g7 1-0

[Event "chess.com IoM Masters"]
[Site "Douglas ENG"]
[Date "2017.09.24"]
[Round "2.52"]
[White "Khmelniker, Ilya"]
[Black "Harari, Zaki"]
[Result "1-0"]
[WhiteTitle "GM"]
[WhiteElo "2480"]
[BlackElo "2027"]
[WhiteFideId "2805340"]
[BlackFideId "2002639"]
[EventDate "2017.09.23"]

1. d4 d5 2. Nf3 e6 3. c4 c6 4. g3 dxc4 5. Bg2 b5 6. O-O Bb7 7. a4 a6 8. Nc3 Nd7
9. Ne5 Qc8 10. b3 cxb3 11. Qxb3 Ngf6 12. Bf4 Be7 13. Rac1 b4 14. Na2 c5 15. Nxd7
Qxd7 16. Bxb7 Qxb7 17. dxc5 a5 18. Nc3 O-O 19. Nb5 Qe4 20. f3 Qd5 21. Qxd5 Nxd5
22. c6 Rfc8 23. Rfd1 g5 24. Bd6 Bxd6 25. Nxd6 Rc7 26. Nb5 Rcc8 27. c7 b3 28. e4
b2 29. exd5 bxc1=Q 30. Rxc1 exd5 31. Rd1 Kg7 32. Rxd5 Kf6 33. g4 h6 34. Rd6+ Kg7
35. Rc6 Re8 36. Nd6 Rec8 37. Ra6 Rxa6 38. Nxc8 Rc6 39. Nd6 1-0

[Event "chess.com IoM Masters"]
[Site "Douglas ENG"]
[Date "2017.09.24"]
[Round "2.53"]
[White "Sokolov, Ivan"]
[Black "Vignesh, B"]
[Result "1-0"]
[WhiteTitle "GM"]
[WhiteElo "2603"]
[BlackElo "2261"]
[WhiteFideId "14400030"]
[BlackFideId "5073600"]
[EventDate "2017.09.23"]

1. d4 Nf6 2. c4 e6 3. Nf3 c5 4. d5 d6 5. Nc3 exd5 6. cxd5 g6 7. Nd2 Bg7 8. e4
O-O 9. Be2 a6 10. a4 Re8 11. O-O Nbd7 12. Qc2 Ne5 13. h3 g5 14. f4 gxf4 15. Rxf4
Bh6 16. Rf1 Be3+ 17. Kh1 Nfg4 18. Nd1 Rb8 19. Ra3 Qg5 20. Bxg4 Nxg4 21. Nf3 1-0

[Event "chess.com IoM Masters"]
[Site "Douglas ENG"]
[Date "2017.09.24"]
[Round "2.54"]
[White "Yoo, Christopher Woojin"]
[Black "Bogner, Sebastian"]
[Result "0-1"]
[WhiteTitle "FM"]
[BlackTitle "GM"]
[WhiteElo "2254"]
[BlackElo "2599"]
[WhiteFideId "30909694"]
[BlackFideId "4692055"]
[EventDate "2017.09.23"]

1. e4 c5 2. Nf3 d6 3. d4 cxd4 4. Nxd4 Nf6 5. Nc3 a6 6. f3 e5 7. Nb3 Be6 8. Be3
h5 9. Qd2 Nbd7 10. Nd5 Bxd5 11. exd5 g6 12. Na5 Qc7 13. c4 Bg7 14. h3 h4 15. Rc1
Nh5 16. c5 dxc5 17. d6 Qb8 18. b4 b6 19. bxc5 bxc5 20. Nb3 Ng3 21. Nxc5 Nxc5 22.
Bxc5 O-O 23. Rg1 Nf5 24. Qb4 Qxb4+ 25. Bxb4 Bh6 26. Bd2 Bxd2+ 27. Kxd2 Rfd8 28.
Rc6 Rxd6+ 29. Rxd6 Nxd6 30. Bd3 a5 31. Rb1 Rc8 32. a4 Kf8 33. Ke2 Ke7 34. Rb6 f5
35. Ra6 e4 36. fxe4 fxe4 37. Bb5 Rc2+ 38. Ke3 Rxg2 39. Rxa5 Kf6 40. Bf1 Rg3+ 41.
Kd4 Rf3 42. Be2 Nf5+ 43. Rxf5+ Rxf5 44. Kxe4 g5 45. Ke3 Rf4 46. Bd1 Ke5 47. a5
Rc4 48. Kf3 Rc3+ 49. Kg4 Rg3+ 50. Kh5 Kf4 51. a6 Rxh3 52. Be2 Ra3 0-1

[Event "chess.com IoM Masters"]
[Site "Douglas ENG"]
[Date "2017.09.24"]
[Round "2.55"]
[White "Huschenbeth, Niclas"]
[Black "Mueller, Philipp2"]
[Result "1-0"]
[WhiteTitle "GM"]
[WhiteElo "2596"]
[BlackElo "2220"]
[WhiteFideId "24604747"]
[BlackFideId "24683701"]
[EventDate "2017.09.23"]

1. e4 c5 2. Nf3 Nc6 3. d4 cxd4 4. Nxd4 Nf6 5. Nc3 e5 6. Ndb5 d6 7. Bg5 a6 8. Na3
b5 9. Nd5 Be7 10. Bxf6 Bxf6 11. c4 b4 12. Nc2 a5 13. Qf3 Bg5 14. h4 Bh6 15. g4
f6 16. Rg1 O-O 17. Qg3 g6 18. g5 Bg7 19. O-O-O f5 20. h5 fxe4 21. hxg6 hxg6 22.
c5 Be6 23. Nf6+ Bxf6 24. gxf6 Rxf6 25. Rxd6 Qe8 26. Bb5 Rc8 27. Qh4 Kg7 28. Rh1
Rf4 29. Qh7+ Kf6 30. Ne3 1-0

[Event "chess.com IoM Masters"]
[Site "Douglas ENG"]
[Date "2017.09.24"]
[Round "2.56"]
[White "Osmanodja, Filiz"]
[Black "Tregubov, Pavel V."]
[Result "0-1"]
[WhiteTitle "WIM"]
[BlackTitle "GM"]
[WhiteElo "2245"]
[BlackElo "2589"]
[WhiteFideId "24633569"]
[BlackFideId "4115341"]
[EventDate "2017.09.23"]

1. e4 c5 2. Nc3 g6 3. Nf3 Bg7 4. d4 cxd4 5. Nxd4 Nc6 6. Nb3 Nf6 7. Be2 O-O 8.
O-O d6 9. Bg5 h6 10. Bh4 b6 11. f4 Bb7 12. Bf3 Re8 13. Qe2 e5 14. g3 Nd4 15.
Nxd4 exd4 16. Nd1 Bxe4 17. Bxe4 d5 18. Nf2 dxe4 19. Rae1 e3 20. Ng4 h5 21. Ne5
Qd5 22. Bxf6 Bxf6 23. Nd3 Qf5 24. Qg2 Rac8 25. h3 Kg7 26. g4 hxg4 27. hxg4 Qe4
28. Qxe4 Rxe4 29. Re2 g5 30. Kg2 Rh8 31. Kf3 Ree8 32. fxg5 Bxg5 33. Nf4 Bxf4 34.
Kxf4 Rh6 35. Rd1 Rf6+ 36. Kg3 Re4 37. c3 dxc3 38. bxc3 Rg6 39. Rd3 Rgxg4+ 40.
Kf3 Ref4+ 41. Kxe3 Re4+ 42. Kf3 Rxe2 43. Kxg4 Rxa2 44. Rd7 Ra4+ 45. Kf5 Rc4 46.
Rxa7 Rxc3 47. Rb7 Rb3 48. Kg5 Rb5+ 49. Kf4 Kg6 50. Rb8 Rb4+ 51. Ke5 f6+ 52. Ke6
Re4+ 53. Kd5 Re5+ 54. Kd4 b5 55. Rg8+ Kf5 56. Rb8 Kf4 0-1

[Event "chess.com IoM Masters"]
[Site "Douglas ENG"]
[Date "2017.09.24"]
[Round "2.57"]
[White "Allen, Keith"]
[Black "Aravindh, Chithambaram VR."]
[Result "1/2-1/2"]
[BlackTitle "GM"]
[WhiteElo "2231"]
[BlackElo "2573"]
[WhiteFideId "2501147"]
[BlackFideId "5072786"]
[EventDate "2017.09.23"]

1. d4 Nf6 2. c4 e6 3. Nc3 Bb4 4. Qc2 O-O 5. e4 d6 6. a3 Bxc3+ 7. bxc3 e5 8. Bd3
Nc6 9. Ne2 b6 10. O-O Ba6 11. f4 Nd7 12. Be3 Na5 13. Qa2 c5 14. dxe5 dxe5 15.
Ng3 exf4 16. Bxf4 Qf6 17. e5 Nxe5 18. Nh5 Qe6 19. Rae1 Nxd3 20. Rxe6 fxe6 21.
Qe2 Bxc4 22. Qg4 g6 23. Rf3 Rad8 24. Bc7 Rxf3 25. gxf3 Rf8 26. Bd6 Rf7 27. Qg5
Nc6 28. Nf6+ Kg7 29. Ne8+ Kg8 30. Nf6+ Kg7 31. Ne8+ Kg8 1/2-1/2

[Event "chess.com IoM Masters"]
[Site "Douglas ENG"]
[Date "2017.09.24"]
[Round "2.58"]
[White "Pichot, Alan"]
[Black "Lorscheid, Gerhard"]
[Result "1-0"]
[WhiteTitle "GM"]
[BlackTitle "FM"]
[WhiteElo "2565"]
[BlackElo "2192"]
[WhiteFideId "110973"]
[BlackFideId "4606000"]
[EventDate "2017.09.23"]

1. e4 d6 2. d4 Nf6 3. Nc3 e5 4. Nf3 Nbd7 5. Bc4 Be7 6. a4 O-O 7. O-O c6 8. h3 h6
9. Ba2 a5 10. Be3 exd4 11. Bxd4 Nc5 12. Bxc5 dxc5 13. Qe2 Ne8 14. Ne5 Nc7 15.
Rad1 Qe8 16. Ng6 Ne6 17. Bxe6 Bxe6 18. Nxf8 Bxf8 19. f4 b6 20. e5 c4 21. f5 Bc8
22. e6 fxe6 23. f6 gxf6 24. Ne4 Kh8 25. Nxf6 Qe7 26. Qe4 Ra7 27. Qg6 Qg7 28. Qe8 1-0

[Event "chess.com IoM Masters"]
[Site "Douglas ENG"]
[Date "2017.09.24"]
[Round "2.59"]
[White "Donchenko, Alexander"]
[Black "Seyfried, Claus"]
[Result "1-0"]
[WhiteTitle "GM"]
[WhiteElo "2559"]
[BlackElo "2173"]
[WhiteFideId "24603295"]
[BlackFideId "1271085"]
[EventDate "2017.09.23"]

1. d4 d5 2. c4 e6 3. Nf3 c6 4. e3 Bd6 5. b3 f5 6. Bd3 Nf6 7. O-O Qe7 8. Bb2 O-O
9. Nc3 Ne4 10. Rc1 Nd7 11. Ne2 e5 12. cxd5 cxd5 13. dxe5 Nxe5 14. Bxe4 1-0

[Event "chess.com IoM Masters"]
[Site "Douglas ENG"]
[Date "2017.09.24"]
[Round "2.61"]
[White "Player, Edmund C"]
[Black "Neelotpal, Das"]
[Result "0-1"]
[BlackTitle "GM"]
[WhiteElo "2202"]
[BlackElo "2448"]
[WhiteFideId "406520"]
[BlackFideId "5003512"]
[EventDate "2017.09.23"]

1. e4 g6 2. d4 Bg7 3. Nc3 a6 4. Be3 b5 5. Qd2 Bb7 6. f3 d6 7. h4 h6 8. a4 b4 9.
Nd1 a5 10. c3 bxc3 11. bxc3 Nd7 12. Bd3 Ngf6 13. Ne2 Qc8 14. Nb2 h5 15. O-O Ba6
16. Rfb1 Bxd3 17. Qxd3 O-O 18. Nc1 c5 19. Nb3 d5 20. Nxc5 Nxc5 21. dxc5 dxe4 22.
fxe4 Ng4 23. Bd4 Rd8 24. Qf3 Bxd4+ 25. cxd4 Rxd4 26. Rf1 Qb8 27. Qxf7+ Kh8 28.
Qf4 Qxb2 29. Rab1 Qd2 30. Qxd2 Rxd2 31. c6 Rc2 32. Rb6 Rc8 33. c7 Kg7 34. Ra6
Rc5 0-1